<?xml version="1.0" encoding="UTF-8"?>
<record
    xmlns:xsi="http://www.w3.org/2001/XMLSchema-instance"
    xsi:schemaLocation="http://www.loc.gov/MARC21/slim http://www.loc.gov/standards/marcxml/schema/MARC21slim.xsd"
    xmlns="http://www.loc.gov/MARC21/slim">

  <leader>01233nam a2200265 i 4500</leader>
  <controlfield tag="001">54633</controlfield>
  <controlfield tag="003">ES-MaACL</controlfield>
  <controlfield tag="005">20251003194734.0</controlfield>
  <controlfield tag="007">t|</controlfield>
  <controlfield tag="008">931025s1892    po           |||| | por d</controlfield>
  <datafield tag="245" ind1="0" ind2="3">
    <subfield code="a">Os A&#xE7;ores a Colombo </subfield>
    <subfield code="b">: libro do centenario de Colombo no archipelago a&#xE7;oriano / </subfield>
    <subfield code="c">con um artigo original do Snr. &#xC1;ngel Rodr&#xED;guez de Quijano y Arroquia ; publigado sob a direc&#xE7;&#xE2;o de Joaquim de Araujo e Gabriel d'Almeida.</subfield>
  </datafield>
  <datafield tag="260" ind1=" " ind2=" ">
    <subfield code="a">Ponta Delgada : </subfield>
    <subfield code="b">[s.n.], </subfield>
    <subfield code="c">1892 (</subfield>
    <subfield code="f">Tip. do Campec&#xE2;o Popular)</subfield>
  </datafield>
  <datafield tag="300" ind1=" " ind2=" ">
    <subfield code="a">39 p. ; </subfield>
    <subfield code="c">32 cm.</subfield>
  </datafield>
  <datafield tag="530" ind1=" " ind2=" ">
    <subfield code="a">Disponible en formato digital.</subfield>
  </datafield>
  <datafield tag="600" ind1="1" ind2="4">
    <subfield code="a">Col&#xF3;n, Crist&#xF3;bal-</subfield>
    <subfield code="v">Aniversarios y centenarios.</subfield>
    <subfield code="9">166344</subfield>
  </datafield>
  <datafield tag="651" ind1=" " ind2="4">
    <subfield code="a">Am&#xE9;rica-</subfield>
    <subfield code="x">Descubrimientos y exploraciones-</subfield>
    <subfield code="v">Aniversarios y centenarios.</subfield>
    <subfield code="9">138063</subfield>
  </datafield>
  <datafield tag="651" ind1=" " ind2="4">
    <subfield code="a">Azores-</subfield>
    <subfield code="x">Historia.</subfield>
    <subfield code="9">7850</subfield>
  </datafield>
  <datafield tag="700" ind1="1" ind2=" ">
    <subfield code="a">Rodr&#xED;guez de Quijano y Arroquia, Angel.</subfield>
    <subfield code="9">98469</subfield>
  </datafield>
  <datafield tag="700" ind1="1" ind2=" ">
    <subfield code="a">Araujo, Joaquim de, </subfield>
    <subfield code="d">1858-1917</subfield>
    <subfield code="9">22356</subfield>
  </datafield>
  <datafield tag="700" ind1="1" ind2=" ">
    <subfield code="a">Almeida, Gabriel d'.</subfield>
    <subfield code="9">20111</subfield>
  </datafield>
  <datafield tag="700" ind1="1" ind2=" ">
    <subfield code="a">Col&#xF3;n, Crist&#xF3;bal.</subfield>
    <subfield code="9">39869</subfield>
  </datafield>
  <datafield tag="852" ind1=" " ind2=" ">
    <subfield code="a">ES-MaACL</subfield>
    <subfield code="j">T-652-F-6</subfield>
  </datafield>
  <datafield tag="856" ind1=" " ind2=" ">
    <subfield code="u">http://bibliotecadigitalhispanica.bne.es:80/webclient/DeliveryManager?pid=3207521&amp;custom_att_2=simple_viewer</subfield>
    <subfield code="z">Biblioteca Digital Hisp&#xE1;nica</subfield>
  </datafield>
  <datafield tag="999" ind1=" " ind2=" ">
    <subfield code="c">54633</subfield>
    <subfield code="d">54633</subfield>
  </datafield>
  <datafield tag="952" ind1=" " ind2=" ">
    <subfield code="0">0</subfield>
    <subfield code="1">0</subfield>
    <subfield code="4">0</subfield>
    <subfield code="7">0</subfield>
    <subfield code="8">Colecci&#xF3;n_de_folletos</subfield>
    <subfield code="a">ATENEOM</subfield>
    <subfield code="b">ATENEOM</subfield>
    <subfield code="c">DEPOF</subfield>
    <subfield code="d">2008-01-17</subfield>
    <subfield code="e">SC</subfield>
    <subfield code="l">0</subfield>
    <subfield code="o">T-652-F-6</subfield>
    <subfield code="p">1057406</subfield>
    <subfield code="r">2023-02-23 00:00:00</subfield>
    <subfield code="w">2023-02-23</subfield>
    <subfield code="y">FOLLETOS</subfield>
  </datafield>
</record>
